000 00244 a2200097 4500
001 51082
100 _aTokheim R L
245 _aMicroprocessor Fundamentals (Schaums Outline Series)
260 _aNew York
_bMcGraw-Hi
_c
090 _c32343
_d32343
942 _aNUST-CAE
_cM
_c24829
999 _c286155
_d286155